000 00368nam a2200157Ia 4500
005 20250703031325.0
008 240331s9999 xx 000 0 und d
020 _a9552110823
082 _bDHA
_a891
100 _aDharmawardena,G
245 0 _aDelowak athara
260 _aColombo
_bM.D.Gunasena Book & Co
_c2000
300 _a93 p .,
650 _aStory
942 _cL
999 _c4865
_d4865